|
|
|
|
| LEADER |
02164nam a2200613 a 4500 |
| 001 |
nkc20071710655 |
| 003 |
CZ PrNK |
| 005 |
20070619093237.0 |
| 007 |
ta |
| 008 |
070228s2006 xr a g 000 jdcze |
| 015 |
|
|
|a cnb001710655
|
| 020 |
|
|
|a 80-239-9689-4
|q (v knize neuvedeno :
|q brož.)
|
| 035 |
|
|
|a (OCoLC)137330351
|
| 040 |
|
|
|a BOA001
|b cze
|d ABA001
|
| 072 |
|
7 |
|a 2-23/-27
|x Bible. Biblistika
|2 Konspekt
|9 5
|
| 080 |
|
|
|a 27-244.42
|2 MRF
|
| 080 |
|
|
|a 27-244
|2 MRF
|
| 080 |
|
|
|a 26-236.5
|2 MRF
|
| 080 |
|
|
|a 27-317.3
|2 MRF
|
| 080 |
|
|
|a 27-236
|2 MRF
|
| 080 |
|
|
|a 27-1/-9
|2 MRF
|
| 080 |
|
|
|a (0:82-32)
|2 MRF
|
| 080 |
|
|
|a (084.1)
|2 MRF
|
| 100 |
1 |
|
|a Zajíček, Libor
|7 xx0036447
|4 aut
|4 ill
|
| 245 |
1 |
0 |
|a Příběh proroka Jonáše :
|b [comics /
|c autor Libor Zajíček]
|
| 250 |
|
|
|a 1. vyd.
|
| 260 |
|
|
|a Vranov n. D. ;
|a Přímětice-Bítov :
|b A.M.I.M.S.,
|c 2006
|
| 300 |
|
|
|a 32 s. :
|b il. ;
|c 21 cm
|
| 521 |
8 |
|
|a Určeno pro církevní potřebu
|
| 630 |
0 |
7 |
|a Bible.
|p Jonáš
|7 unn2006374733
|2 czenas
|
| 630 |
0 |
9 |
|a Bible.
|p Jonah
|2 eczenas
|
| 650 |
0 |
7 |
|a starozákonní proroci
|7 ph126039
|2 czenas
|
| 650 |
0 |
7 |
|a biblické postavy
|7 ph118857
|2 czenas
|
| 650 |
0 |
7 |
|a biblické příběhy
|7 ph118858
|2 czenas
|
| 650 |
0 |
7 |
|a biblická podobenství
|7 ph118849
|2 czenas
|
| 650 |
0 |
7 |
|a biblické parafráze
|7 ph138436
|2 czenas
|
| 650 |
0 |
7 |
|a křesťanské učení
|7 ph122129
|2 czenas
|
| 650 |
0 |
9 |
|a Old Testament prophets
|2 eczenas
|
| 650 |
0 |
9 |
|a Bible persons
|2 eczenas
|
| 650 |
0 |
9 |
|a Bible stories
|2 eczenas
|
| 650 |
0 |
9 |
|a Bible parables
|2 eczenas
|
| 650 |
0 |
9 |
|a Biblical paraphrases
|2 eczenas
|
| 650 |
0 |
9 |
|a Christian doctrine
|2 eczenas
|
| 655 |
|
7 |
|a příběhy
|7 fd133204
|2 czenas
|
| 655 |
|
7 |
|a komiksy
|7 fd131978
|2 czenas
|
| 655 |
|
9 |
|a stories
|2 eczenas
|
| 655 |
|
9 |
|a comics
|2 eczenas
|
| 910 |
2 |
|
|a BOA001
|b 2-1183.302
|
| 928 |
9 |
|
|a Apostolatus Mariae Immaculatae Matris Spei (Apoštolát P. Marie Neposkvrněné - Matky Naděje)
|
| 928 |
9 |
|
|a Apoštolát P. Marie Neposkvrněné - Matky Naděje
|
| 990 |
|
|
|a BK
|
| 995 |
|
|
|a 01
|
| 991 |
|
|
|b 200703
|
| 996 |
6 |
|
|b 2610304825
|c 2-1183.302
|l MZK
|r Sklad / do 1 hodiny
|n 1
|p p.v.
|w 000843097
|u 000010
|a 1
|e BOA001
|j MZK50
|s P
|